[Event "Paignton Premier 46th"]
[Site "Paignton"]
[Date "1996.09.05"]
[Round "5.15"]
[White "Kambites, Mark E"]
[Black "Hodge, David J"]
[Result "0-1"]
[WhiteElo "2008"]
[BlackElo "1944"]
[PlyCount "44"]
[EventDate "1996.09.01"]
[EventType "swiss"]
[EventRounds "7"]
[EventCountry "ENG"]
[SourceTitle "BritBase"]
[Source "John Saunders"]
[SourceDate "2023.06.22"]
[SourceVersion "1"]
[SourceVersionDate "2023.06.22"]
[SourceQuality "1"]

1. f4 e5 2. e4 exf4 3. Nf3 d5 4. exd5 Nf6 5. Bb5+ c6 6. dxc6 Nxc6 7. d4 Bd6 8.
Qe2+ Be6 9. c4 O-O 10. O-O Nxd4 11. Nxd4 Qb6 12. Bxf4 Qxd4+ 13. Be3 Qe5 14. g3
Bc5 15. Re1 a6 16. Ba4 b5 17. cxb5 Ng4 18. Bxc5 Qxc5+ 19. Kg2 Bd5+ 20. Kh3 Nf2+
21. Kh4 Qd4+ 22. g4 Rae8 0-1

[Event "Paignton Premier 46th"]
[Site "Paignton"]
[Date "1996.09.05"]
[Round "5.16"]
[White "Lane, Peter CR"]
[Black "Richards, John E"]
[Result "1-0"]
[WhiteElo "1992"]
[BlackElo "1880"]
[PlyCount "81"]
[EventDate "1996.09.01"]
[EventType "swiss"]
[EventRounds "7"]
[EventCountry "ENG"]
[SourceTitle "BritBase"]
[Source "John Saunders"]
[SourceDate "2023.06.22"]
[SourceVersion "1"]
[SourceVersionDate "2023.06.22"]
[SourceQuality "1"]

1. d4 Nf6 2. c4 e6 3. Nc3 Bb4 4. e3 b6 5. Nge2 Ba6 6. Ng3 O-O 7. Bd3 d5 8. cxd5
Bxd3 9. Qxd3 exd5 10. O-O Re8 11. a3 Bf8 12. b4 Nbd7 13. Qf5 g6 14. Qf3 Bg7 15.
Nxd5 Nxd5 16. Qxd5 c5 17. Bb2 Nf8 18. Qxd8 Raxd8 19. Ne2 Ne6 20. bxc5 bxc5 21.
Rfd1 cxd4 22. exd4 Nc5 23. Kf1 Nb3 24. Rab1 a5 25. d5 a4 26. Bxg7 Kxg7 27. Nc3
Rc8 28. Nxa4 Rb8 29. Rb2 Ra8 30. Rxb3 Rxa4 31. d6 Rd8 32. d7 Ra7 33. Rbd3 Kf6
34. R1d2 h5 35. Ke2 Kg7 36. Kd1 Kf6 37. Kc2 Kg7 38. Kb3 Rb7+ 39. Ka2 Ra7 40.
Rd4 Kf6 41. a4 1-0

[Event "Paignton Premier 46th"]
[Site "Paignton"]
[Date "1996.09.05"]
[Round "5.17"]
[White "Lewis, David J"]
[Black "Brusey, Alan W"]
[Result "1/2-1/2"]
[WhiteElo "1784"]
[BlackElo "1984"]
[PlyCount "96"]
[EventDate "1996.09.01"]
[EventType "swiss"]
[EventRounds "7"]
[EventCountry "ENG"]
[SourceTitle "BritBase"]
[Source "John Saunders"]
[SourceDate "2023.06.22"]
[SourceVersion "1"]
[SourceVersionDate "2023.06.22"]
[SourceQuality "1"]

1. e4 e6 2. d4 d5 3. e5 c5 4. c3 Nc6 5. Be3 Qb6 6. Qd2 cxd4 7. cxd4 Nge7 8. Bd3
Nb4 9. Be2 Nf5 10. Nc3 Nxd4 11. Rc1 Bc5 12. Na4 Ndc2+ 13. Rxc2 Bxe3 14. Nxb6
Bxd2+ 15. Rxd2 axb6 16. a3 Nc6 17. Nf3 O-O 18. O-O Ra5 19. Rc1 Rd8 20. Rc3 Rc5
21. Rb3 d4 22. Rxb6 Nxe5 23. Nxe5 Rxe5 24. Kf1 Rc5 25. Bf3 Rc7 26. b4 e5 27.
Rb5 e4 28. Bxe4 Rc1+ 29. Ke2 Re8 30. Kf3 Rc3+ 31. Rd3 f5 32. Bd5+ Kf8 33. Rxc3
dxc3 34. Rc5 Rd8 35. Rxc3 Ke7 36. Bc4 Bd7 37. Bd5 b5 38. Kf4 g6 39. Rc5 Kd6 40.
Bf3 Re8 41. Rd5+ Ke6 42. Re5+ Kf6 43. Rxe8 Bxe8 44. h4 h6 45. Ke3 Ke5 46. Be2
f4+ 47. Kd3 Bc6 48. Bf1 g5 1/2-1/2

[Event "Paignton Premier 46th"]
[Site "Paignton"]
[Date "1996.09.05"]
[Round "5.18"]
[White "Judd, Ian P"]
[Black "Benson, Paul J"]
[Result "0-1"]
[WhiteElo "1944"]
[BlackElo "2010"]
[PlyCount "76"]
[EventDate "1996.09.01"]
[EventType "swiss"]
[EventRounds "7"]
[EventCountry "ENG"]
[SourceTitle "BritBase"]
[Source "John Saunders"]
[SourceDate "2023.06.22"]
[SourceVersion "1"]
[SourceVersionDate "2023.06.22"]
[SourceQuality "1"]

1. c4 f5 2. e4 fxe4 3. d3 exd3 4. Bxd3 Nf6 5. g4 d5 6. g5 dxc4 7. Qa4+ Nc6 8.
Bxc4 Nd5 9. Bb5 Bd7 10. Nc3 Nxc3 11. bxc3 a6 12. Be2 e5 13. Qc2 g6 14. Bd3 Qe7
15. Ne2 Bg7 16. h4 e4 17. Bxe4 O-O-O 18. Rb1 Rde8 19. f3 Qc5 20. Qb3 b6 21. Ba3
Qe5 22. Qc4 b5 23. Qd3 Bf5 24. Bxf5+ gxf5 25. Kf2 Rd8 26. Qc2 Rhe8 27. Rbe1
Qe3+ 28. Kg2 Rd2 29. Qxf5+ Kb8 30. Rhf1 Rxa2 31. Qd7 Bxc3 32. Bd6 cxd6 33. Qxc6
Bxe1 34. Qxd6+ Kb7 35. Qd7+ Kb6 36. Qd6+ Ka5 37. Qc7+ Ka4 38. Qc6 Qxe2+ 0-1

[Event "Paignton Premier 46th"]
[Site "Paignton"]
[Date "1996.09.05"]
[Round "5.19"]
[White "Wright, Andrew D"]
[Black "Wheeler, John Francis"]
[Result "0-1"]
[WhiteElo "1560"]
[BlackElo "2112"]
[PlyCount "56"]
[EventDate "1996.09.01"]
[EventType "swiss"]
[EventRounds "7"]
[EventCountry "ENG"]
[SourceTitle "BritBase"]
[Source "John Saunders"]
[SourceDate "2023.06.22"]
[SourceVersion "1"]
[SourceVersionDate "2023.06.22"]
[SourceQuality "1"]

1. e4 e5 2. Nf3 Nf6 3. d3 Nc6 4. g3 d5 5. Nbd2 Bg4 6. h3 Bh5 7. g4 Bg6 8. exd5
Nxd5 9. Nc4 f6 10. a4 Bc5 11. c3 a6 12. b4 Ba7 13. Qc2 O-O 14. Nh4 Bf7 15. Nf5
Qd7 16. h4 Rad8 17. b5 Nce7 18. Ba3 Rfe8 19. Nxe7+ Nxe7 20. b6 Bxb6 21. Nxb6
cxb6 22. O-O-O Rc8 23. g5 f5 24. g6 Nxg6 25. h5 Nf4 26. d4 Qc6 27. Bd3 Qxc3 28.
Qxc3 Rxc3+ 0-1

[Event "Paignton Premier 46th"]
[Site "Paignton"]
[Date "1996.09.06"]
[Round "6.1"]
[White "Peters, Stephen G"]
[Black "Lane, Gary William"]
[Result "0-1"]
[WhiteElo "2215"]
[BlackElo "2405"]
[PlyCount "81"]
[EventDate "1996.09.01"]
[EventType "swiss"]
[EventRounds "7"]
[EventCountry "ENG"]
[SourceTitle "BritBase"]
[Source "John Saunders"]
[SourceDate "2023.06.22"]
[SourceVersion "1"]
[SourceVersionDate "2023.06.22"]
[SourceQuality "1"]

1. d4 f5 2. g3 Nf6 3. Bg2 g6 4. c4 Bg7 5. Nc3 O-O 6. Nh3 d6 7. d5 c6 8. Nf4 e5
9. dxe6 Na6 10. O-O Nc7 11. Qd3 Qe7 12. Rd1 Rd8 13. Be3 Ng4 14. Bc5 Bf8 15. Qd2
g5 16. Nh3 Nxe6 17. Ba3 Qf6 18. b3 h6 19. Bb2 Qg6 20. f3 Nf6 21. f4 Be7 22. Re1
Ne4 23. Nxe4 fxe4 24. f5 Qxf5 25. Qc3 Qe5 26. Qd2 Qc5+ 27. e3 Bf8 28. Bxe4 Bg7
29. Rf1 Bxb2 30. Qxb2 Qxe3+ 31. Nf2 Rf8 32. Rae1 Qd4 33. Qe2 Ng7 34. Rd1 Qc5
35. b4 Qxb4 36. Nd3 Rxf1+ 37. Rxf1 Qxc4 38. Qf3 Bh3 39. Rf2 Qe6 40. Re2 Qg4 41.
Qe3 0-1

[Event "Paignton Premier 46th"]
[Site "Paignton"]
[Date "1996.09.06"]
[Round "6.2"]
[White "Baker, Chris W"]
[Black "Mack, Andrew L"]
[Result "1-0"]
[WhiteElo "2370"]
[BlackElo "2270"]
[PlyCount "75"]
[EventDate "1996.09.01"]
[EventType "swiss"]
[EventRounds "7"]
[EventCountry "ENG"]
[SourceTitle "BritBase"]
[Source "John Saunders"]
[SourceDate "2023.06.22"]
[SourceVersion "1"]
[SourceVersionDate "2023.06.22"]
[SourceQuality "1"]

1. e4 e6 2. Nf3 d5 3. Nc3 Nf6 4. e5 Nfd7 5. d4 c5 6. dxc5 Nc6 7. Bf4 Bxc5 8.
Bd3 f6 9. exf6 Nxf6 10. O-O O-O 11. Ne5 Qe8 12. Nxc6 bxc6 13. Na4 Be7 14. c4
Qh5 15. h3 Ba6 16. Rc1 Rad8 17. Qe1 Ne4 18. Bc7 Ng5 19. Bxd8 Bxd8 20. Be2 Qg6
21. Kh1 Bc7 22. cxd5 Bxe2 23. Qxe2 exd5 24. Nc5 Kh8 25. f4 Bxf4 26. Qe7 Qf5 27.
g4 Qc8 28. Rce1 h6 29. Nd7 Rf7 30. Qe8+ Qxe8 31. Rxe8+ Kh7 32. Nf8+ Rxf8 33.
Rxf8 Be5 34. Kg2 Bxb2 35. Rc8 d4 36. Rxc6 a5 37. Rf2 Bc3 38. Rf4 1-0

[Event "Paignton Premier 46th"]
[Site "Paignton"]
[Date "1996.09.06"]
[Round "6.3"]
[White "Mulligan, Stephen"]
[Black "Mordue, A Tyson"]
[Result "0-1"]
[WhiteElo "2230"]
[BlackElo "2240"]
[PlyCount "50"]
[EventDate "1996.09.01"]
[EventType "swiss"]
[EventRounds "7"]
[EventCountry "ENG"]
[SourceTitle "BritBase"]
[Source "John Saunders"]
[SourceDate "2023.06.22"]
[SourceVersion "1"]
[SourceVersionDate "2023.06.22"]
[SourceQuality "1"]

1. d4 Nf6 2. c4 g6 3. Nc3 Bg7 4. g3 d6 5. Bg2 O-O 6. Nf3 Nbd7 7. O-O e5 8. e4
c6 9. h3 Qb6 10. d5 Nc5 11. Re1 Bd7 12. Rb1 a5 13. Bf1 Rfc8 14. Be3 cxd5 15.
cxd5 Qd8 16. Nd2 b5 17. Bxc5 Rxc5 18. Nb3 Rc4 19. Qd2 a4 20. Bxc4 bxc4 21. Na1
Bxh3 22. Nc2 h5 23. Qg5 Qd7 24. Ne3 $4 Nh7 25. Qh4 Bf6 0-1

[Event "Paignton Premier 46th"]
[Site "Paignton"]
[Date "1996.09.06"]
[Round "6.4"]
[White "Franklin, Michael J"]
[Black "White, Mark W"]
[Result "1-0"]
[WhiteElo "2255"]
[BlackElo "2048"]
[PlyCount "83"]
[EventDate "1996.09.01"]
[EventType "swiss"]
[EventRounds "7"]
[EventCountry "ENG"]
[SourceTitle "BritBase"]
[Source "John Saunders"]
[SourceDate "2023.06.22"]
[SourceVersion "1"]
[SourceVersionDate "2023.06.22"]
[SourceQuality "1"]

1. c4 Nf6 2. Nc3 c5 3. e4 Nc6 4. d3 g6 5. g3 Bg7 6. Bg2 O-O 7. Nge2 d6 8. O-O
a6 9. h3 Rb8 10. f4 Bd7 11. Rb1 b5 12. b3 Qc8 13. Kh2 b4 14. Nd5 Nxd5 15. cxd5
Nd4 16. Nxd4 cxd4 17. Qe2 Bb5 18. Bb2 a5 19. e5 Qa6 20. Rfd1 Rbc8 21. Bxd4 Rc7
22. Be4 Rfc8 23. Rd2 dxe5 24. fxe5 Bh6 25. Be3 Bxe3 26. Qxe3 Rc2 27. Rb2 Rxb2
28. Rxb2 f5 29. exf6 exf6 30. Rd2 a4 31. bxa4 Qxa4 32. Bxg6 Bd7 33. Be4 Rc2 34.
Qf2 Rxd2 35. Qxd2 Qa3 36. g4 Qc3 37. Qh6 Qc2+ 38. Kg3 Qc7+ 39. Kf3 Ba4 40. Qxf6
Bd1+ 41. Kg2 Qc2+ 42. Kg3 1-0

[Event "Paignton Premier 46th"]
[Site "Paignton"]
[Date "1996.09.06"]
[Round "6.5"]
[White "Wismayer, Clive R"]
[Black "Leech, Aiden M"]
[Result "1-0"]
[WhiteElo "2075"]
[BlackElo "2105"]
[PlyCount "79"]
[EventDate "1996.09.01"]
[EventType "swiss"]
[EventRounds "7"]
[EventCountry "ENG"]
[SourceTitle "BritBase"]
[Source "John Saunders"]
[SourceDate "2023.06.22"]
[SourceVersion "1"]
[SourceVersionDate "2023.06.22"]
[SourceQuality "1"]

1. e4 c5 2. Nf3 d6 3. d4 cxd4 4. Nxd4 Nf6 5. Nc3 a6 6. g3 e5 7. Nde2 Be7 8. Bg2
Qc7 9. a4 b6 10. O-O Nbd7 11. h3 Bb7 12. g4 h6 13. Ng3 Nc5 14. Re1 O-O-O 15.
Nf5 Bf8 16. Ne3 Ncxe4 17. Nxe4 Nxe4 18. Nd5 Bxd5 19. Qxd5 Nc5 20. b4 Nb7 21.
Re3 Rd7 22. Raa3 Kb8 23. Rec3 Qd8 24. Rc6 Be7 25. Be3 Bg5 26. Bxb6 Qe7 27. Rac3
Qe6 28. Bc7+ Rxc7 29. Qxe6 fxe6 30. Rxc7 d5 31. Rxg7 Rc8 32. Rxc8+ Kxc8 33. Bf1
Nd6 34. Bxa6+ Kd8 35. b5 Ne8 36. Rf7 Nc7 37. Bb7 Bd2 38. b6 Ne8 39. Bc6 Nd6 40.
Rd7+ 1-0

[Event "Paignton Premier 46th"]
[Site "Paignton"]
[Date "1996.09.06"]
[Round "6.6"]
[White "Cafferty, Bernard"]
[Black "George, Ian M"]
[Result "1-0"]
[WhiteElo "2240"]
[BlackElo "2032"]
[PlyCount "67"]
[EventDate "1996.09.01"]
[EventType "swiss"]
[EventRounds "7"]
[EventCountry "ENG"]
[SourceTitle "BritBase"]
[Source "John Saunders"]
[SourceDate "2023.06.22"]
[SourceVersion "1"]
[SourceVersionDate "2023.06.22"]
[SourceQuality "1"]

1. Nf3 Nf6 2. g3 c5 3. Bg2 Nc6 4. O-O g6 5. c4 Bg7 6. Nc3 O-O 7. d4 cxd4 8.
Nxd4 Nxd4 9. Qxd4 d6 10. Bg5 Qa5 11. Qd2 Qc7 12. b3 Be6 13. Rac1 Qd7 14. Rfd1
Rfd8 15. e4 Qe8 16. Qe2 h6 17. Be3 Bg4 18. f3 Bd7 19. Qf2 Bc6 20. Bxa7 Nd7 21.
Bd4 Bxd4 22. Rxd4 Nc5 23. Rcd1 Qf8 24. Bh3 Ne6 25. R4d2 Ng5 26. Bg2 Ne6 27. Qe3
Ra5 28. a4 Rda8 29. b4 R5a7 30. a5 Kh7 31. f4 f5 32. exf5 Qxf5 33. Bd5 Bxd5 34.
Nxd5 {Source: BC scoresheet} 1-0

[Event "Paignton Premier 46th"]
[Site "Paignton"]
[Date "1996.09.06"]
[Round "6.7"]
[White "Jordan, John F"]
[Black "Lamb, Harry"]
[Result "0-1"]
[WhiteElo "2090"]
[BlackElo "2255"]
[PlyCount "56"]
[EventDate "1996.09.01"]
[EventType "swiss"]
[EventRounds "7"]
[EventCountry "ENG"]
[SourceTitle "BritBase"]
[Source "John Saunders"]
[SourceDate "2023.06.22"]
[SourceVersion "1"]
[SourceVersionDate "2023.06.22"]
[SourceQuality "1"]

1. e4 e6 2. d3 d5 3. Nc3 c5 4. Qe2 Nf6 5. Bg5 d4 6. Nd5 h6 7. Nxf6+ gxf6 8. Bd2
Nc6 9. f4 Qc7 10. g3 Bd7 11. Nf3 Bg7 12. Bh3 O-O-O 13. c3 f5 14. e5 dxc3 15.
bxc3 Ne7 16. O-O Bb5 17. c4 Bc6 18. a4 Ng6 19. Bg2 Rhg8 20. a5 Bf8 21. Rfb1 Be7
22. Rb5 h5 23. Be3 h4 24. d4 hxg3 25. dxc5 gxh2+ 26. Kh1 Nh4 27. a6 Rxg2 28.
axb7+ Bxb7 0-1

[Event "Paignton Premier 46th"]
[Site "Paignton"]
[Date "1996.09.06"]
[Round "6.8"]
[White "Page, Martin C"]
[Black "Harakis, Alexis"]
[Result "0-1"]
[WhiteElo "2008"]
[BlackElo "2175"]
[PlyCount "52"]
[EventDate "1996.09.01"]
[EventType "swiss"]
[EventRounds "7"]
[EventCountry "ENG"]
[SourceTitle "BritBase"]
[Source "John Saunders"]
[SourceDate "2023.06.22"]
[SourceVersion "1"]
[SourceVersionDate "2023.06.22"]
[SourceQuality "1"]

1. e4 e6 2. d4 d5 3. Nc3 Bb4 4. e5 c5 5. a3 Bxc3+ 6. bxc3 Ne7 7. Qg4 Qc7 8.
Qxg7 Rg8 9. Qxh7 cxd4 10. Ne2 Nbc6 11. f4 Bd7 12. Qd3 dxc3 13. Qxc3 Nf5 14. Be3
Nxe3 15. Qxe3 Qa5+ 16. c3 Rc8 17. Kf2 Ne7 18. g3 Nf5 19. Qd2 Rc4 20. Bh3 Qb6+
21. Ke1 Re4 22. Bxf5 exf5 23. Kd1 Ke7 24. Nd4 Rc8 25. Ne2 Qb3+ 26. Kc1 Rxe2 0-1

[Event "Paignton Premier 46th"]
[Site "Paignton"]
[Date "1996.09.06"]
[Round "6.10"]
[White "Phillips, Alan"]
[Black "Cock, John Crowle"]
[Result "1-0"]
[WhiteElo "2150"]
[BlackElo "2155"]
[PlyCount "65"]
[EventDate "1996.09.01"]
[EventType "swiss"]
[EventRounds "7"]
[EventCountry "ENG"]
[SourceTitle "BritBase"]
[Source "John Saunders"]
[SourceDate "2023.06.22"]
[SourceVersion "1"]
[SourceVersionDate "2023.06.22"]
[SourceQuality "1"]

1. e4 c5 2. Nf3 Nc6 3. Bb5 g6 4. c3 Nf6 5. d3 Bg7 6. O-O O-O 7. Na3 d6 8. h3
Bd7 9. Re1 a6 10. Ba4 b5 11. Bc2 Rc8 12. d4 cxd4 13. cxd4 d5 14. e5 Ne8 15. Bb1
Nc7 16. Nc2 Bf5 17. Be3 f6 18. exf6 exf6 19. Qd2 Re8 20. Nb4 Ne7 21. Bf4 Ne6
22. Nxa6 Nxf4 23. Qxf4 Bxb1 24. Rexb1 Rc2 25. Rc1 Rxb2 26. Nc7 Qb8 27. Qd6 Nf5
28. Qxd5+ Kh8 29. Nxe8 Qxe8 30. Re1 Qb8 31. Qd7 Nd6 32. Rac1 h5 33. Rc7 1-0

[Event "Paignton Premier 46th"]
[Site "Paignton"]
[Date "1996.09.06"]
[Round "6.11"]
[White "Parr, Frank"]
[Black "Gamble, Raymond J"]
[Result "0-1"]
[WhiteElo "2140"]
[BlackElo "1968"]
[PlyCount "78"]
[EventDate "1996.09.01"]
[EventType "swiss"]
[EventRounds "7"]
[EventCountry "ENG"]
[SourceTitle "BritBase"]
[Source "John Saunders"]
[SourceDate "2023.06.22"]
[SourceVersion "1"]
[SourceVersionDate "2023.06.22"]
[SourceQuality "1"]

1. d4 e6 2. g3 Nf6 3. Bg2 c5 4. Nf3 Nc6 5. O-O cxd4 6. Nxd4 d5 7. c4 Bc5 8.
Nxc6 bxc6 9. cxd5 cxd5 10. Qc2 Be7 11. Nc3 O-O 12. Rd1 Qb6 13. Be3 Qa6 14. Na4
Bd7 15. Nc3 Rac8 16. Bd4 Rfd8 17. Qd2 Bc6 18. Bf1 Qb7 19. Rab1 a5 20. e3 Bb4
21. a3 Bd6 22. Ne2 e5 23. Bc3 Ne4 24. Qe1 d4 25. exd4 Ng5 26. Rd3 Be4 27. Rbd1
Bxd3 28. Rxd3 Nf3+ 29. Rxf3 Qxf3 30. dxe5 Bc7 31. Bg2 Qd3 32. Nf4 Qd1 33. Kf1
Qxe1+ 34. Kxe1 Re8 35. Bc6 Rxe5+ 36. Bxe5 Bxe5 37. Nd5 Kf8 38. Nb6 Rxc6 39.
Nd7+ Ke7 0-1

[Event "Paignton Premier 46th"]
[Site "Paignton"]
[Date "1996.09.06"]
[Round "6.12"]
[White "Hodge, David J"]
[Black "McKenna, Jason P"]
[Result "1-0"]
[WhiteElo "1944"]
[BlackElo "2125"]
[PlyCount "51"]
[EventDate "1996.09.01"]
[EventType "swiss"]
[EventRounds "7"]
[EventCountry "ENG"]
[SourceTitle "BritBase"]
[Source "John Saunders"]
[SourceDate "2023.06.22"]
[SourceVersion "1"]
[SourceVersionDate "2023.06.22"]
[SourceQuality "1"]

1. e4 e6 2. d4 d5 3. Nd2 dxe4 4. Nxe4 Nd7 5. Nf3 Ngf6 6. Ng3 c5 7. Bc4 cxd4 8.
O-O Be7 9. Nxd4 Nb6 10. Bb3 O-O 11. Be3 Nbd5 12. Qf3 a6 13. Rad1 Qc7 14. Nh5
Nxh5 15. Qxh5 Nf6 16. Qf3 Bd7 17. Rfe1 Bd6 18. Bg5 Bxh2+ 19. Kh1 Be5 20. c3
Bxd4 21. Rxd4 Bc6 22. Qh3 e5 23. Bxf6 exd4 24. Bc2 h6 25. Qg4 g5 26. Qf5 1-0

[Event "Paignton Premier 46th"]
[Site "Paignton"]
[Date "1996.09.06"]
[Round "6.13"]
[White "Karayiannis, Costas"]
[Black "Lane, Peter CR"]
[Result "1-0"]
[WhiteElo "2105"]
[BlackElo "1992"]
[PlyCount "73"]
[EventDate "1996.09.01"]
[EventType "swiss"]
[EventRounds "7"]
[EventCountry "ENG"]
[SourceTitle "BritBase"]
[Source "John Saunders"]
[SourceDate "2023.06.22"]
[SourceVersion "1"]
[SourceVersionDate "2023.06.22"]
[SourceQuality "1"]

1. d4 Nf6 2. c4 g6 3. Nc3 Bg7 4. e4 d6 5. f3 O-O 6. Bg5 Nbd7 7. Qd2 c6 8. Nh3
a6 9. Be2 b5 10. Nf2 Bb7 11. f4 b4 12. Ncd1 c5 13. d5 Re8 14. O-O h6 15. Bh4
Qb6 16. Bf3 e6 17. Ne3 a5 18. Rac1 exd5 19. exd5 Nh7 20. Kh1 a4 21. Nfd1 Ndf6
22. Qd3 h5 23. g4 Nxg4 24. Bxg4 hxg4 25. Nxg4 Bc8 $2 (25... f5 $1 $17) 26. Nde3
$2 Bxg4 27. Nxg4 Bxb2 $4 (27... f5 $17) 28. f5 $1 $18 g5 29. Rc2 Bd4 30. f6 Ra7
31. Rg2 Qd8 32. Bxg5 Nxg5 33. Nh6+ Kh8 34. Rxg5 Bxf6 35. Rh5 Kg7 36. Nf5+ Kf8
37. Qh3 {time} 1-0

[Event "Paignton Premier 46th"]
[Site "Paignton"]
[Date "1996.09.06"]
[Round "6.14"]
[White "Mercs, Peter J"]
[Black "Hempson, Peter W"]
[Result "0-1"]
[WhiteElo "1984"]
[BlackElo "2235"]
[PlyCount "82"]
[EventDate "1996.09.01"]
[EventType "swiss"]
[EventRounds "7"]
[EventCountry "ENG"]
[SourceTitle "BritBase"]
[Source "John Saunders"]
[SourceDate "2023.06.22"]
[SourceVersion "1"]
[SourceVersionDate "2023.06.22"]
[SourceQuality "1"]

1. e4 e6 2. d4 d5 3. e5 c5 4. c3 Qb6 5. Nf3 Bd7 6. Be2 Bb5 7. O-O Bxe2 8. Qxe2
Ne7 9. dxc5 Qxc5 10. Nd4 Nec6 11. Be3 Nxd4 12. Bxd4 Qc7 13. Nd2 Nc6 14. f4 g6
15. Nb3 Be7 16. Rae1 O-O-O 17. Kh1 Kb8 18. a4 Nxd4 19. cxd4 Qc4 20. Qf3 Rc8 21.
a5 a6 22. h3 Qb5 23. Re2 Rc4 24. g4 h5 25. Kg2 Bb4 26. Rff2 Bxa5 27. f5 hxg4
28. hxg4 gxf5 29. gxf5 Bb6 30. fxe6 fxe6 31. Rd2 Rcc8 32. Qd3 Qe8 33. Kf1 Qh5
34. Qf3 Qh3+ 35. Ke2 Rcg8 36. Qxh3 Rxh3 37. Rd3 Rgg3 38. Nc1 Rxd3 39. Nxd3 Bxd4
40. Rf6 Rh2+ 41. Kf3 Rd2 0-1

[Event "Paignton Premier 46th"]
[Site "Paignton"]
[Date "1996.09.06"]
[Round "6.15"]
[White "Brusey, Alan W"]
[Black "Parr, David"]
[Result "1-0"]
[WhiteElo "1984"]
[BlackElo "2175"]
[PlyCount "65"]
[EventDate "1996.09.01"]
[EventType "swiss"]
[EventRounds "7"]
[EventCountry "ENG"]
[SourceTitle "BritBase"]
[Source "John Saunders"]
[SourceDate "2023.06.22"]
[SourceVersion "1"]
[SourceVersionDate "2023.06.22"]
[SourceQuality "1"]

1. e4 g6 2. d4 Bg7 3. Nc3 d6 4. Bg5 c6 5. Qd2 Nf6 6. f4 O-O 7. Nf3 b5 8. e5 b4
9. Na4 Nd5 10. Bc4 a5 11. O-O-O Na6 12. h3 Nac7 13. g4 Ne6 14. Bxd5 cxd5 15. f5
Nxg5 16. Qxg5 f6 17. exf6 exf6 18. Qf4 gxf5 19. gxf5 Bd7 20. b3 Bxa4 21. bxa4
Qd7 22. Kb1 Rad8 23. Rde1 Qxa4 24. Re7 Rd7 25. Qe3 Rxe7 26. Qxe7 Qb5 27. Rg1
Rf7 28. Qd8+ Rf8 29. Qxd6 a4 30. Qe6+ Kh8 31. Qe7 Bh6 32. Ne5 fxe5 33. Qxe5+
1-0

[Event "Paignton Premier 46th"]
[Site "Paignton"]
[Date "1996.09.06"]
[Round "6.16"]
[White "Benson, Paul J"]
[Black "Lewis, David J"]
[Result "0-1"]
[WhiteElo "2010"]
[BlackElo "1784"]
[PlyCount "42"]
[EventDate "1996.09.01"]
[EventType "swiss"]
[EventRounds "7"]
[EventCountry "ENG"]
[SourceTitle "BritBase"]
[Source "John Saunders"]
[SourceDate "2023.06.22"]
[SourceVersion "1"]
[SourceVersionDate "2023.06.22"]
[SourceQuality "1"]

1. d4 g6 2. e4 Bg7 3. Nc3 d6 4. f4 c6 5. Nf3 Nd7 6. Bc4 b5 7. Bb3 Nb6 8. O-O a5
9. a3 Ba6 10. Ng5 Nh6 11. f5 d5 12. exd5 cxd5 13. Nxd5 Nxd5 14. fxg6 hxg6 15.
Nxf7 Nxf7 16. Rxf7 Bf6 17. Rxf6 Nxf6 18. Qd3 Qd6 19. Qxg6+ Kd8 20. h3 Qxd4+ 21.
Kh1 Rxh3+ 0-1

[Event "Paignton Premier 46th"]
[Site "Paignton"]
[Date "1996.09.06"]
[Round "6.17"]
[White "Wheeler, John Francis"]
[Black "Richards, John E"]
[Result "1/2-1/2"]
[WhiteElo "2112"]
[BlackElo "1880"]
[PlyCount "81"]
[EventDate "1996.09.01"]
[EventType "swiss"]
[EventRounds "7"]
[EventCountry "ENG"]
[SourceTitle "BritBase"]
[Source "John Saunders"]
[SourceDate "2023.06.22"]
[SourceVersion "1"]
[SourceVersionDate "2023.06.22"]
[SourceQuality "1"]

1. d4 Nf6 2. c4 e6 3. Nf3 d5 4. Nc3 Nbd7 5. Bg5 Bb4 6. e3 c5 7. cxd5 exd5 8.
Be2 Qa5 9. O-O c4 10. Bxf6 Nxf6 11. Qc2 O-O 12. Ne5 Bxc3 13. bxc3 Ne4 14. Bxc4
Qxc3 15. Qxc3 Nxc3 16. Rfc1 dxc4 17. Rxc3 b5 18. a4 Ba6 19. axb5 Bxb5 20. Nxc4
Rfc8 21. Rac1 Bxc4 22. Rxc4 Rxc4 23. Rxc4 a5 24. Ra4 Rb8 25. g3 Rb5 26. Kf1 Kf8
27. Ke2 Ke7 28. Ra2 Kd6 29. e4 f6 30. f4 g5 31. fxg5 Rxg5 32. e5+ fxe5 33. Rxa5
Rh5 34. h4 Rf5 35. Rb5 h5 36. Ra5 Ke6 37. Rb5 exd4 38. Rb8 Kd5 39. Rg8 Ke4 40.
g4 d3+ 41. Ke1 1/2-1/2

[Event "Paignton Premier 46th"]
[Site "Paignton"]
[Date "1996.09.06"]
[Round "6.19"]
[White "Judd, Ian P"]
[Black "Wright, Andrew D"]
[Result "0-1"]
[WhiteElo "1944"]
[BlackElo "1560"]
[PlyCount "86"]
[EventDate "1996.09.01"]
[EventType "swiss"]
[EventRounds "7"]
[EventCountry "ENG"]
[SourceTitle "BritBase"]
[Source "John Saunders"]
[SourceDate "2023.06.22"]
[SourceVersion "1"]
[SourceVersionDate "2023.06.22"]
[SourceQuality "1"]

1. c4 g6 2. g3 Bg7 3. Bg2 Nf6 4. Nc3 c6 5. e4 d6 6. d4 Qc7 7. f4 O-O 8. Nf3 a6
9. a4 b6 10. O-O Bb7 11. e5 dxe5 12. fxe5 Ng4 13. h3 Nh6 14. Bf4 e6 15. Qd2 Nf5
16. g4 Ne7 17. Ne4 c5 18. Nf6+ Kh8 19. d5 Ng8 20. Ng5 h6 21. d6 Qc8 22. Bxb7
Qxb7 23. Nge4 Nd7 24. Bg3 Ndxf6 25. Nxf6 Bxf6 26. exf6 Rfd8 27. Rae1 b5 28. h4
bxc4 29. Rxe6 fxe6 30. f7 Kh7 31. Qf4 Qxb2 32. h5 Qd4+ 33. Qxd4 cxd4 34. hxg6+
Kxg6 35. Be5 d3 36. fxg8=Q+ Rxg8 37. Rf6+ Kg5 38. Kf2 Rgf8 39. Rxf8 Rxf8+ 40.
Ke3 Kxg4 41. Bc3 Rd8 42. Bb4 h5 43. Ke4 d2 0-1